| 000 | 00000nam##2200000za#4500 |
| 001 | 9.569638 |
| 003 | CaOODSP |
| 005 | 20210624181849 |
| 007 | cr ||||||||||| |
| 008 | 150406|2009||||xxc|||||o f|0| 0 eng|d |
| 040 | |aCaOODSP|beng |
| 043 | |an-cn--- |
| 086 | 1 |aNH18-1/320-2009E-PDF |
| 110 | 2 |aCanada Mortgage and Housing Corporation. |
| 245 | 10|aOverview of the current state of knowledge on societal outcomes of housing. Draft phase II research report. Assessing the societal outcomes of housing in Canada : |h[electronic resource]|bavenues for future research |
| 246 | 3 |aOverview of the current state of knowledge on societal outcomes of housing = Aperçu de l'état actuel des connaissances sur les retombées sociétales du logement |
| 260 | |aOttawa - Ontario : |bCanada Mortgage and Housing Corporation |c2009 (main report), 2010 (Research highlight). |
| 300 | |a101p.|bfigs., tables |
| 490 | 1 |aResearch report |
| 500 | |aIncludes: Research highlight (Socio-economic series 10-001, January 2010) under the title "Overview of the current state of knowledge on societal outcomes of housing". -- Y compris: Le point en recherche (Série socio-économique 10-001, janvier 2010) sous le titre "Aperçu de l'état actuel des connaissances sur les retombées sociétales du logement". |
| 504 | |aBibliography. |
| 546 | |a(Comprend du texte en français.) |
| 590 | |a11-26-Supp|b2011-11-03 |
| 830 | #0|aResearch report (Canada Mortgage and Housing Corporation : Online)|w(CaOODSP)9.506068 |
| 856 | 40|ahttp://publications.gc.ca|qPDF|s3.12 MB|uhttps://publications.gc.ca/collections/collection_2011/schl-cmhc/nh18-1/NH18-1-320-2009-eng.pdf |